000 00900nam a22002057a 4500
999 _c57041
_d57041
005 20191030161821.0
008 191030s2018 ||||| |||| 00| 0 r d
020 _a9785534073348
041 _arur
080 _a341(075.8) А-13
100 _aАбашидзе, А. Х.
_9432
245 _aМеждународное право :
_bМирное разрешение споров. Учебник для бакалавриата и магистратуры /
_cА. Х. Абашидзе ; А.М. Солнцев.
260 _a3-е изд., испр. и дополн.
264 _aМосква :
_bЮрайт,
_c2018.
440 _aБакалавр и магистр. Модуль
_95124
653 _aМирное разрешение споров
653 _aსაერთაშორისო სამართალი
700 _aСолнцев, А.М.
_95125
942 _2udc
_cBK